000 00769nam a2200229 4500
003 OSt
005 20260601171002.0
008 260422b1977\\\\sp\a||||\||||\00|\0\spa\d
020 _a8425206774
040 _aICI
_bspa
_cICI
050 _aNK1535.M67
_bM3
100 1 _aManieri-Elia, Mario,
_d1929-
_931647
245 1 _aWilliam Morris y la ideologia de la arquitectura moderna /
_cMario Manieri Elia ; version castellana de Juan Díaz de Atauri y Rodríguez de los Ríos
264 _bGustavo Gili,
_c [1977]
_aBarcelona :
300 _a197 páginas
_c20cm
336 _atexto
_2rdacontent
337 _asin medio
_2rdamedia
338 _avolumen
_2rdacarrier
490 0 _aColección punto y línea
600 1 _aMorris, William,
_d1834-1896
_931648
942 _2lcc
_cB
999 _c20130
_d20130